• 首页
  • 本馆介绍
  • 公告通知
  • 最新文献
  • 馆藏检索
  • 电子资源
  • 读者导购
  • 参考咨询
  • 我的图书馆
  • 登录
  • 详细信息显示
  • 放入我的书架
  • 预约/预借图书
  • 作者相关作品
  • 分类相关作品
  • 丛书相关作品
  • 出版社相关作品

书目信息

  • 表格格式
  • 工作单格式
  • 卡片格式
题名:
医学遗传学
    
 
作者: 李璞 编
分册:  
出版信息: 北京   北京大学医学出版社  2004
页数: 260页
开本: 26cm
丛书名:
单 册:
中图分类: R394
科图分类:
主题词: 医学遗传学
电子资源:
ISBN: 7-81071-347-7
000 00578nam0 2200205 450
001 0635066457
005 20060930094613.25
010    @a7-81071-347-7@dCNY22.50
100    @a20060930d2004 km y0chiy0120 ea
101 0  @achi
200 1  @a医学遗传学@Ayi xue yi chuan xue@f李璞 编@Fli pu bian
210    @a北京@c北京大学医学出版社@d2004
215    @a260页@d26cm
300    @a普通高等教育"十五"国家级规划教材
300    @a五年制全国高等医学院校教材
606 0  @a医学遗传学
690    @aR394@v3
701  0 @a李璞@Ali pu@4编
801  0 @aCN@bPFT@c20060930
905    @a10447@dR394@e122
    
    医学遗传学/李璞 编.-北京:北京大学医学出版社,2004
    260页;26cm
    普通高等教育"十五"国家级规划教材.-五年制全国高等医学院校教材
    
    ISBN 7-81071-347-7:CNY22.50
    
●
相关链接 在E读中查询图书 在五车中查询图书 在当当中查询图书 在豆瓣中查询图书


正题名:医学遗传学     索取号:R394/122         预约/预借

序号 登录号 条形码 馆藏地/架位号 状态 备注
1 0501471   205014713   密集书库/ [索取号:R394/122] 在馆    
2 0501472   205014722   密集书库/ [索取号:R394/122] 在馆    
3 0501473   205014731   密集书库/ [索取号:R394/122] 在馆    
4 0501474   205014740   密集书库/ [索取号:R394/122] 在馆    
5 0501475   205014759   密集书库/ [索取号:R394/122] 在馆    
唐山师范学院图书馆 欢迎您!
大连网信软件有限公司© 版权所有